00630nam a2200169 a 4500001001000000003000900010005001700019007000300036008004100039040002500080082000700105245005800112246007300170260005500243300003600298500012600334000022398DO-SdBNP20220228090459.0ta101007s2004 dr 001 0 spa d aDO-SdBNPbspacBNPHU 422200aMesas de Participación Ciudadana :bmemoria final /10aMesa de participación ciudadana una experiencias de concertación aSanto Domingo :bParticipación Ciudadana,c2004. a245 p. :bil., retrs. ;c23 cm. aTemas concentrados entre partidos políticos, Sociedad Civil, Junta Cetral Electoral, Poderes del Estados, Universidades